| 000 -LEADER |
| fixed length control field |
01061cam a2200217K 4500 |
| 082 ## - DEWEY DECIMAL CLASSIFICATION NUMBER |
| Classification number |
954.032 |
| Author Mark |
FRA |
| 100 1# - MAIN ENTRY--PERSONAL NAME |
| Personal name |
Pflugk-Harttung, Julius von, |
| 9 (RLIN) |
50367 |
| 245 14 - TITLE STATEMENT |
| Title |
The Franco-German war 1870-1871 |
| Statement of responsibility, etc. |
by generals and other officiers who took part in the campaign; translated and edited by Major-General Sir F. Maurice, K.C.B., Wilfred J. Long & A. Sonnenschein. |
| 260 ## - PUBLICATION, DISTRIBUTION, ETC. |
| Place of publication, distribution, etc. |
London, |
| Name of publisher, distributor, etc. |
G. Allen & Unwin |
| Date of publication, distribution, etc. |
[1914] |
| 300 ## - PHYSICAL DESCRIPTION |
| Extent |
1 online resource (xii, 687 p.) |
| Other physical details |
front., illus., plates, ports., maps (part. fold.) |
| 500 ## - GENERAL NOTE |
| General note |
"Original edition, 1899. Reprinted, 1906: 1914." |
| 500 ## - GENERAL NOTE |
| General note |
Translation of part 1 of "Krieg und sieg, 1870-71", edited by Julius von Pflugk-Harttung, first published Berlin, 1895. |
| 526 ## - STUDY PROGRAM INFORMATION NOTE |
| Program name |
0 |
| Interest level |
0 |
| Reading level |
0 |
| Title point value |
954_032000000000000_FRA |
| 650 #0 - SUBJECT ADDED ENTRY--TOPICAL TERM |
| Topical term or geographic name entry element |
Franco-Prussian War, 1870-1871. |
| 9 (RLIN) |
49384 |
| 650 #0 - SUBJECT ADDED ENTRY--TOPICAL TERM |
| Topical term or geographic name entry element |
MCE |
| 9 (RLIN) |
379 |
| 700 1# - ADDED ENTRY--PERSONAL NAME |
| Personal name |
Long, Wilfred James, |
| 9 (RLIN) |
50368 |
| 700 1# - ADDED ENTRY--PERSONAL NAME |
| Personal name |
Maurice, John Frederick, |
| 9 (RLIN) |
49380 |
| 700 1# - ADDED ENTRY--PERSONAL NAME |
| Personal name |
Sonnenschein, A. |
| 9 (RLIN) |
50369 |
| 856 40 - ELECTRONIC LOCATION AND ACCESS |
| Uniform Resource Identifier |
<a href="http://catalog.hathitrust.org/api/volumes/oclc/55174838.html">http://catalog.hathitrust.org/api/volumes/oclc/55174838.html</a> |
| 942 ## - ADDED ENTRY ELEMENTS (KOHA) |
| Source of classification or shelving scheme |
|
| Koha item type |
Book |